|
|
|
|
| LEADER |
01865nam a2200313 a 4500 |
| 001 |
3032292 |
| 008 |
100103r20092007njua b 001 0 eng d |
| 010 |
|
|
|a 95009117
|
| 020 |
|
|
|a 9788131710005
|
| 020 |
|
|
|a 0133737624
|
| 040 |
|
|
|a DLC
|c DLC
|d DLC
|d BD-DhAAL
|
| 082 |
0 |
0 |
|a 621.382/2
|2 22
|
| 100 |
1 |
|
|a Proakis, John G.
|
| 245 |
1 |
0 |
|a Digital signal processing :
|b principles, algorithms, and applications /
|c John G. Proakis, Dimitris G. Manolakis.
|
| 250 |
|
|
|a 4th ed.
|
| 260 |
|
|
|a Upper Saddle River, N.J.;
|a New Delhi :
|b Pearson/Prentice Hall,
|c 2009.[reprinted]
|
| 300 |
|
|
|a xix, 1136 p. :
|b ill. ;
|c 24 cm.
|
| 504 |
|
|
|a Includes bibliographical references and index.
|
| 541 |
1 |
|
|e 00019682
|
| 650 |
|
0 |
|a Signal processing
|x Digital techniques.
|
| 700 |
1 |
|
|a Manolakis, Dimitris G.
|
| 852 |
4 |
|
|a Ayesha Abed Library
|j General Shelf.
|
| 942 |
0 |
0 |
|0 2
|
| 999 |
|
|
|c 6608
|d 6608
|
| 952 |
|
|
|0 0
|1 0
|2 ddc
|4 0
|6 621_382200000000000_PRO_2009
|7 0
|9 6754
|a BRACUL
|b BRACUL
|c GEN
|d 2010-01-02
|l 32
|m 344
|o 621.3822 PRO
|p 3010019682
|r 2026-01-14
|s 2025-10-26
|t 1
|w 2010-01-03
|y BK
|
| 952 |
|
|
|0 0
|1 0
|2 ddc
|4 0
|6 621_382200000000000_PRO_2009
|7 0
|9 6755
|a BRACUL
|b BRACUL
|c GEN
|d 2010-01-02
|e Trust Line International
|l 30
|m 319
|o 621.3822 PRO
|p 3010019683
|r 2026-05-03
|s 2026-02-02
|t 2
|w 2010-01-03
|y BK
|
| 952 |
|
|
|0 0
|1 0
|2 ddc
|4 0
|6 621_382200000000000_PRO_2009
|7 0
|9 6756
|a BRACUL
|b BRACUL
|c GEN
|d 2010-01-02
|e Trust Line International
|l 18
|m 201
|o 621.3822 PRO
|p 3010019684
|r 2025-04-16
|s 2024-11-24
|t 3
|w 2010-01-03
|y BK
|
| 952 |
|
|
|0 0
|1 0
|2 ddc
|4 0
|6 621_382200000000000_PRO_2009
|7 0
|9 6757
|a BRACUL
|b BRACUL
|c GEN
|d 2010-01-02
|e Trust Line International
|l 28
|m 327
|o 621.3822 PRO
|p 3010019685
|r 2026-05-06
|s 2026-04-21
|t 4
|w 2010-01-03
|y BK
|
| 952 |
|
|
|0 0
|1 0
|2 ddc
|4 0
|6 621_382200000000000_PRO_2009
|7 0
|9 6758
|a BRACUL
|b BRACUL
|c GEN
|d 2010-01-02
|e Trust Line International
|l 23
|m 228
|o 621.3822 PRO
|p 3010019686
|r 2026-05-18
|s 2026-02-01
|t 5
|w 2010-01-03
|y BK
|